000 01042nam a22002897a 4500
003 BD-DhSAU
005 20181205161100.0
008 161006b2017 bg ad||| |||| 00| 0 eng d
040 _aBD-DhSAU
082 _222
_a630
_bR8121
100 _aRoy , Dipti Rani
_4Registration No:11-04509
245 _aImpact of Biofertilizer, Nitrogen and Phosphorus on Nodulation, Growth and yield of Chickpea /
_cRoy , Dipti Rani
_bMs Thesis
260 _aDhaka : Sher- e- Bangla Agricultural University :
_bDepartment of Agronomy ,
_c2017
300 _axi, 87 p. :
_bill. ;
_c30 cm.
504 _aIncludes bibliographical references.
590 _aShofi
650 _aAgronomy
650 _aBiofertilizer
650 _aNitrogen
650 _aPhosphorus
650 _a Nodulation
650 _aChickpea
700 _a Amin , A. K. M. Ruhul
_4Supervisor
700 _a Baque , Md. Abdullahil
_4Co-Supervisor
856 _uhttp://archive.saulibrary.edu.bd:8080/xmlui/handle/123456789/480
_yOnline Access
942 _2ddc
_cTHESIS
999 _c14429
_d14428